Shot at the Night by the Killers Lyrics Quiz Stats

 Plays Quiz not verified by Sporcle

Support Sporcle.
Go Orange.
Score 0/252 Timer 10:00
0 Plays Today
Lyrics % Correct
a
98.4%
the
98.4%
a
98.4%
a
98.4%
a
98.4%
the
98.4%
a
98.4%
the
98.4%
a
98.4%
a
98.4%
the
98.4%
the
98.4%
a
98.4%
a
98.4%
a
98.4%
a
98.4%
a
98.4%
the
98.4%
a
98.4%
a
98.4%
the
98.4%
a
98.4%
a
98.4%
the
98.4%
the
98.4%
the
98.4%
the
98.4%
a
98.4%
the
98.4%
a
98.4%
the
98.4%
a
98.4%
the
98.4%
a
98.4%
the
98.4%
the
98.4%
a
98.4%
the
98.4%
a
98.4%
a
98.4%
the
98.4%
a
98.4%
the
98.4%
a
98.4%
a
98.4%
the
98.4%
a
98.4%
a
98.4%
the
98.4%
a
98.4%
a
98.4%
the
98.4%
shot
95.1%
at
95.1%
night
95.1%
shot
95.1%
at
95.1%
night
95.1%
shot
95.1%
at
95.1%
night
95.1%
shot
95.1%
at
95.1%
night
95.1%
shot
95.1%
at
95.1%
night
95.1%
at
95.1%
shot
95.1%
at
95.1%
night
95.1%
shot
95.1%
at
95.1%
night
95.1%
shot
95.1%
at
95.1%
night
95.1%
shot
95.1%
at
95.1%
night
95.1%
shot
95.1%
at
95.1%
night
95.1%
shot
95.1%
Lyrics % Correct
at
95.1%
night
95.1%
shot
95.1%
at
95.1%
night
95.1%
shot
95.1%
at
95.1%
night
95.1%
shot
95.1%
at
95.1%
night
95.1%
shot
95.1%
at
95.1%
night
95.1%
me
94.3%
me
94.3%
me
94.3%
me
94.3%
me
94.3%
me
94.3%
me
94.3%
me
94.3%
me
94.3%
me
94.3%
me
94.3%
me
94.3%
me
94.3%
me
94.3%
me
94.3%
me
94.3%
me
94.3%
me
94.3%
me
94.3%
me
94.3%
me
94.3%
me
94.3%
me
94.3%
me
94.3%
I
93.4%
I
93.4%
Give
92.6%
Give
92.6%
Give
92.6%
Give
92.6%
Give
92.6%
Give
92.6%
Give
92.6%
Give
92.6%
Give
92.6%
Give
92.6%
Give
92.6%
Give
92.6%
Give
92.6%
Give
92.6%
Give
92.6%
Give
92.6%
Give
92.6%
Give
92.6%
Give
92.6%
Give
92.6%
Give
92.6%
Give
92.6%
Give
92.6%
in
90.2%
in
90.2%
in
90.2%
in
90.2%
in
90.2%
in
90.2%
in
90.2%
in
90.2%
in
90.2%
in
90.2%
some
86.1%
some
86.1%
some
86.1%
some
86.1%
some
86.1%
some
86.1%
some
86.1%
some
86.1%
of
85.2%
of
85.2%
of
85.2%
Lyrics % Correct
moment
84.4%
moment
84.4%
moment
84.4%
moment
84.4%
my
84.4%
moment
84.4%
moment
84.4%
moment
84.4%
moment
84.4%
Once
83.6%
To
83.6%
to
83.6%
Once
83.6%
Once
83.6%
Once
83.6%
Once
83.6%
To
83.6%
to
83.6%
Once
83.6%
Once
83.6%
Once
83.6%
lifetime
82.8%
lifetime
82.8%
lifetime
82.8%
lifetime
82.8%
lifetime
82.8%
life
82.8%
lifetime
82.8%
lifetime
82.8%
lifetime
82.8%
mysterious
75.4%
mysterious
75.4%
mysterious
75.4%
mysterious
75.4%
mysterious
75.4%
mysterious
75.4%
mysterious
75.4%
mysterious
75.4%
find
70.5%
find
70.5%
our
69.7%
our
69.7%
home
68%
break
68%
home
68%
suffering
66.4%
kinda
66.4%
kinda
66.4%
kinda
66.4%
kinda
66.4%
kinda
66.4%
kinda
66.4%
kinda
66.4%
kinda
66.4%
fools
64.8%
way
64.8%
these
63.9%
that
61.5%
out
56.6%
got
56.6%
been
55.7%
nothing
55.7%
breaking
54.9%
lose
54.9%
long
54.1%
has
52.5%
line
52.5%
honey
50.8%
'cause
50%
Look
47.5%
I'm
47.5%
light
45.9%
grown
45.1%
reflection
44.3%
mirror
44.3%
like
42.6%
feel
41.8%
losing
40.2%
fight
39.3%
power
37.7%
Underneath
35.2%
Draw
12.3%
roof
9%
palms
6.6%

You're not logged in!

Compare scores with friends on all Sporcle quizzes.
OR
Log In

From the Vault

Nirvana Songs

by Xygni

February 20th is Kurt Cobain's birthday. Help us celebrate by remembering his best songs.
Remove Ads.
Support Sporcle.
Get the best of Sporcle when you Go Orange. This ad-free experience offers more features, more stats, and more fun while also helping to support Sporcle. Thank you for becoming a member.

Show Comments

Extras

Top Quizzes Today


Score Distribution

Your Account Isn't Verified!

In order to create a playlist on Sporcle, you need to verify the email address you used during registration. Go to your Sporcle Settings to finish the process.

Report this User

Report this user for behavior that violates our Community Guidelines.

Details: